The prince of darkness : (Record no. 127054)
[ view plain ]
| 000 -LEADER | |
|---|---|
| campo de control de longitud fija | 02646nam a22002537a 4500 |
| 003 - IDENTIFICADOR DE NÚMERO DE CONTROL | |
| campo de control | BJBSDDR |
| 005 - FECHA Y HORA DE LA ÚLTIMA TRANSACCIÓN | |
| campo de control | 20260512094724.0 |
| 007 - CAMPO FIJO DE DESCRIPCIÓN FÍSICA--INFORMACIÓN GENERAL | |
| campo de control de longitud fija | ta |
| 008 - DATOS DE LONGITUD FIJA--INFORMACIÓN GENERAL | |
| campo de control de longitud fija | 260512s2007 nyu||||| |||| 00| 0 eng d |
| 020 ## - NÚMERO INTERNACIONAL ESTÁNDAR DEL LIBRO | |
| Número Internacional Estándar del Libro | 9781400051991 |
| 020 ## - NÚMERO INTERNACIONAL ESTÁNDAR DEL LIBRO | |
| Número Internacional Estándar del Libro | 1400051991 |
| 040 ## - FUENTE DE CATALOGACIÓN | |
| Lengua de catalogación | spa |
| Centro/agencia transcriptor | BJBSDDR |
| 041 ## - CÓDIGO DE IDIOMA | |
| Código de lengua del texto/banda sonora o título independiente | eng |
| 050 ## - SIGNATURA TOPOGRÁFICA DE LA BIBLIOTECA DEL CONGRESO | |
| Número de ítem | N935 2007 |
| 100 1# - ENTRADA PRINCIPAL--NOMBRE DE PERSONA | |
| Nombre de persona | Novak, Robert D |
| 9 (RLIN) | 48394 |
| 245 14 - MENCIÓN DEL TÍTULO | |
| Título | The prince of darkness : |
| Resto del título | 50 years reporting in Washington / |
| Mención de responsabilidad, etc. | Robert D. Novak |
| 250 ## - MENCION DE EDICION | |
| Mención de edición | First edition |
| 260 ## - PUBLICACIÓN, DISTRIBUCIÓN, ETC. | |
| Lugar de publicación, distribución, etc. | New York : |
| Nombre del editor, distribuidor, etc. | Crown Forum, |
| Fecha de publicación, distribución, etc. | 2007 |
| 300 ## - DESCRIPCIÓN FÍSICA | |
| Extensión | viii, 662 pages : |
| Otras características físicas | illustrations ; |
| Dimensiones | 25 cm |
| 505 ## - NOTA DE CONTENIDO CON FORMATO | |
| Nota de contenido con formato | <br/>The Plame affair<br/>Political beginnings<br/>Cub reporter<br/>From Omaha to 'Naptown<br/>Advice from Ezra Pound<br/>Joining the Journal<br/>Emperor of the Senate<br/>Driving with Kennedy<br/>New Frontier<br/>LBJ hosts a wedding reception<br/>The odd couple<br/>The Goldwater revolution<br/>The agony of the GOP<br/>The Great Society: in ascent<br/>The Great Society: in descent<br/>Clean Gene, Bobby and LBJ<br/>Realignment 1968<br/>Den of vipers<br/>Vietnam<br/>The frustration of power<br/>"Amnesty, abortion and acid"<br/>Watergate<br/>The Ford Interlude<br/>Reagan's rebellion<br/>Jimmy who?<br/>The Snopes clan in the White House<br/>Supply-side and China<br/>A young congressman from New York<br/>The birth of CNN<br/>The Reagan revolution<br/>A near-death experience<br/>The slowest realignment in American history<br/>"I'll try Ollie North"<br/>The last days of Reagan<br/>Blowup<br/>Believing their own spin<br/>Yeltsin up, Bush down<br/>Clinton = Republican tsunami<br/>"Will success spoil Newt Gingrich?"<br/>Conversion<br/>The rise of George W. Bush<br/>Death of a partner<br/>Attacking Iraq and attacking Novak<br/>The Plame affair II<br/>Farewell to CNN<br/>A stirrer-up of strife. |
| 520 ## - RESUMEN, ETC. | |
| Sumario, etc. | In this sweeping memoir, Novak offers a full account of his involvement in the Valerie Plame CIA leak affair, while also telling the story of his remarkable life and career, a singular journey through a half century of stories, scandals, and personal encounters with Washington's most powerful and colorful people. Novak has been a Washington insider since the days when the place was a sleepy southern town and journalism was built on shoe leather and the ability to cultivate and keep sources (not to mention the ability to hold one's liquor). He has covered every president since Truman, known (personally and professionally) virtually all the big movers and shakers in DC, and broken a number of the biggest stories. Here, he puts it all into perspective. He also reveals the extraordinary transformations that have fundamentally remade Washington, politics, and journalism--and his own role in those transformations. |
| 942 ## - ELEMENTOS DE ENTRADA SECUNDARIOS (KOHA) | |
| Fuente del sistema de clasificación o colocación | Clasificación de Library of Congress |
| Suprimir en OPAC | No |
| Tipo de ítem Koha | Libro |
| 946 ## - PROCESAMIENTO DE INFORMACIÓN LOCAL (OCLC) | |
| Iniciales del agente catalogador | cmc |
| Estatus retirado | Estado de pérdida | Fuente del sistema de clasificación o colocación | Estado de daño | No para préstamo | Colección | Biblioteca de origen | Biblioteca actual | Ubicación en estantería | Fecha de adquisición | Signatura topográfica completa | Código de barras | Visto por última vez | Copia número | Tipo de ítem Koha |
|---|---|---|---|---|---|---|---|---|---|---|---|---|---|---|
| Clasificación de Library of Congress | Automatización y Procesos Técnicos | Biblioteca Juan Bosch | Biblioteca Juan Bosch | Automatización y Procesos Técnicos (1er. Piso) | 12/05/2026 | N935 2007 | 00000199785 | 12/05/2026 | 1 | Libro |
